El derecho al registro universal y oportuno de niñas y niños (Registro nro. 3944)

Detalles MARC
000 -LEADER
fixed length control field 01252 a2200241 4500
001 - CONTROL NUMBER
control field 45491
005 - DATE AND TIME OF LATEST TRANSACTION
control field 20260407155727.0
008 - FIXED-LENGTH DATA ELEMENTS--GENERAL INFORMATION
fixed length control field 260407a2013 arg spa d
003 - CONTROL NUMBER IDENTIFIER
control field AR-UNSa-BCEJYS
040 ## - CATALOGING SOURCE
Original cataloging agency AR-UNSa-BCEJYS
Language of cataloging spa
Transcribing agency AR-UNSa-BCEJYS
080 ## - UNIVERSAL DECIMAL CLASSIFICATION NUMBER
Universal Decimal Classification number 342.7-055.15
Common auxiliary subdivision Derechos de los niños/as
041 ## - LANGUAGE CODE
Language code of text/sound track or separate title spa
100 1# - MAIN ENTRY--PERSONAL NAME
Personal name Fernández, María de las Mercedes
245 10 - TITLE STATEMENT
Title El derecho al registro universal y oportuno de niñas y niños
Name of part/section of a work Avances y desafíos para la normativa legal y las estadísticas vitales
264 #1 - PRODUCTION, PUBLICATION, DISTRIBUTION, MANUFACTURE, AND COPYRIGHT NOTICE
Place of production, publication, distribution, manufacture Buenos Aires :
Name of producer, publisher, distributor, manufacturer UNICEF
Date of production, publication, distribution, manufacture, or copyright notice 2013
300 ## - PHYSICAL DESCRIPTION
Extent 91 p.
Dimensions 30 cm.
505 ## - FORMATTED CONTENTS NOTE
Formatted contents note 1. Avances en la implementación de la Ley 26.413 en las provincias – 2. Características sociosanitarias de los nacimientos y defunciones de menores de un año ocurridos en los establecimientos y áreas seleccionados – 3. Movilidad geográfica de la población para la atención de la salud – 4. Pareo de fuentes de información realizado en los establecimientos y áreas seleccionados.
590 ## - LOCAL NOTE (RLIN)
Local note niveau_biblio:m niveau_hierar:0
700 1# - ADDED ENTRY--PERSONAL NAME
Personal name Marconi, Élida Hilda
700 1# - ADDED ENTRY--PERSONAL NAME
Personal name Guevel, Carlos Gustavo
856 41 - ELECTRONIC LOCATION AND ACCESS
Uniform Resource Identifier <a href="https://www.biblioeco.unsa.edu.ar/pmb/images/libros/L127124.jpg">https://www.biblioeco.unsa.edu.ar/pmb/images/libros/L127124.jpg</a>
Link text Imagen de portada
Electronic format type image/jpeg
942 ## - ADDED ENTRY ELEMENTS (KOHA)
Koha item type
Existencias
Withdrawn status Lost status Damaged status Not for loan Home library Current library Shelving location Date acquired Total checkouts Full call number Barcode Date last seen Price effective from Koha item type
        Biblioteca Prof. Eusebio Cleto del Rey Biblioteca Prof. Eusebio Cleto del Rey   07/04/2026   342.7-055.15 M321 L127124 07/04/2026 07/04/2026 Libro